| 000 | nam a22 7a 4500 | ||
|---|---|---|---|
| 999 |
_c27614 _d27614 |
||
| 008 | 170209b xxu||||| |||| 00| 0 eng d | ||
| 050 | _aNK 975 .Q9213 1976 | ||
| 100 | _aOvsyannikov, Y. | ||
| 245 |
_aRussian folk arts and crafts/ _cY. Ovsyannikov. |
||
| 260 |
_aMoscow: _bProgess publisher, _c1976. |
||
| 300 |
_a238p. : _bill. ; _c21cm. |
||
| 500 | _aInclude index. | ||
| 650 | _aArt. | ||
| 942 |
_2lcc _cBOOKS |
||